|
|
|
|
| LEADER |
00000nta a2200000 i 4500 |
| 001 |
dolg268 |
| 005 |
20150805110118.0 |
| 008 |
150305suuuu hu om 000 hun d |
| 040 |
|
|
|a BGE Dolgozattár Repozitórium
|b hun
|
| 041 |
|
|
|a hu
|
| 100 |
1 |
|
|a Bernáth Judit
|
| 245 |
1 |
2 |
|a A többutas csomagolás használatának problémái a Robert Bosch Energy and Body Sysytems Kft folyamataiban
|c Bernáth Judit
|h [elektronikus dokumentum]
|
| 695 |
|
|
|a Többutas csomagolás
|
| 695 |
|
|
|a Visszutas logisztika
|
| 700 |
1 |
|
|a Orbán dr. Gabriella
|e ths
|
| 856 |
4 |
0 |
|u http://dolgozattar.uni-bge.hu/268/1/SZAKDOLGOZAT_Bern%C3%A1th%20Judit_2014_.pdf
|z Dokumentum-elérés
|
| 856 |
4 |
0 |
|u http://dolgozattar.uni-bge.hu/268/7/Bern%C3%A1th%20Judit.pdf
|z Dokumentum-elérés
|